| 000 | 00998nam a2200217Ia 4500 | ||
|---|---|---|---|
| 003 | Ost | ||
| 005 | 20260507075453.0 | ||
| 008 | 260507s9999||||xx |||||||||||||| ||und|| | ||
| 040 | _cfsecg | ||
| 041 | _aara | ||
| 082 | _a657 | ||
| 100 |
_aالقباني، ثناء علي _eمؤلف |
||
| 245 | 0 |
_aدراسات في المحاسبة المالية المتخصصة / _c ثناء علي القباني |
|
| 260 |
_aالاسكندرية: _bالدار الجامعية, _c2007 |
||
| 300 |
_a299 صفحة؛ _bإيضاحات ؛ _c24 سم |
||
| 520 | _aيتضمن هذا الكتاب مايلي محاسبة الفروع وأجزاء المشروع والتقارير المالية الؤقتة ، المبيعات بالتقسيط ،بضاعة الأمانة ، المحاسبة عن العمليات التي تتم بعملة أجنبية | ||
| 653 | _aالتقارير المالية | ||
| 653 | _aالمحاسبة المالية | ||
| 653 | _aمحاسبة الفروع | ||
| 942 | _cكتاب | ||
| 999 |
_c44642 _d44642 |
||